Biblioteca

Justification as reconciliation (Registro nro. 59792)

Detalles MARC
000 -LÍDER
Campo fijo de descripción fija 01172aab a2200241 i 4500
001 - NÚMERO DE CONTROL
Campo de control 768714001
003 - IDENTIFICADOR DEL NÚMERO DE CONTROL
Campo de control CO-MdFUSB
005 - FECHA Y HORA DE LA ULTIMA TRANSACCIÓN
control field 20240716082959.0
008 - ELEMENTOS DE LONGITUD FIJA -- INFORMACIÓN GENERAL
Campo fijo de descripción fija -- Información general 240716t2004 sz ||||| |||| 00| 0 eng d
040 ## - FUENTE DE CATALOGACIÓN
Idioma de catalogación spa
Agencia que realiza la transcripción CO-MdFUSB
041 ## - CÓDIGO DE IDIOMA
Código de idioma para texto/pista de sonido o título separado eng
100 1# - ASIENTO PRINCIPAL--NOMBRE PERSONAL
Nombre personal Brinkman, Martien
Término relacionador autor
245 10 - TÍTULO
Título Justification as reconciliation
Mención de responsabilidad / Martien Brinkman
520 ## - NOTA DE RESUMEN, ETC.
Nota de sumario, etc. El núcleo de la fe y la teología cristianas no se ocupa de la doctrina, sino del Dios que se reveló en su hijo Jesucristo. <br/>La fe está ante todo centrada en Dios y no fijada en el problema de salvación.<br/>El motivo central de la doctrina de la justificación es la descripción del giro inmerecido de Dios hacia los humanos pecadores. La intención de esta descripción es invitarnos a participar en la salvación basada en el sufrimiento y la muerte vicarios de Cristo.
546 ## - NOTA DE IDIOMA
Nota de idioma Texto en inglés.
650 #7 - ASIENTO SECUNDARIO DE MATERIA - TERMINO TEMÁTICO
Término temático o nombre geográfico como elemento de entrada Dios
9 (RLIN) 178
650 #7 - ASIENTO SECUNDARIO DE MATERIA - TERMINO TEMÁTICO
Término temático o nombre geográfico como elemento de entrada Justificación
9 (RLIN) 415
650 #7 - ASIENTO SECUNDARIO DE MATERIA - TERMINO TEMÁTICO
Término temático o nombre geográfico como elemento de entrada Fe
9 (RLIN) 531
650 #0 - ASIENTO SECUNDARIO DE MATERIA - TERMINO TEMÁTICO
Término temático o nombre geográfico como elemento de entrada Salvación
9 (RLIN) 48
773 0# - ASIENTO DE ITEM FUENTE
Título Reformed World
Biblionumber 49396
Itemnumber 59509
Parte(s) relacionada(s) / Volumen., número. (mes año), páginas Volumen 54, (número 2, 2004) páginas: 69 - 75
Enumeración y primera página página: 69
942 ## - TIPO DE MATERIAL (KOHA)
Tipo de Item KOHA Artículos de Revista
945 ## - INFORMACIÓN LOCAL DEL REGISTRO
Catalogador Catherine Arias Álvarez - Practicante SENA

No hay ítems disponibles.

Biblioteca FUSBC | Teléfono: (57+4) 349 88 10 Ext. 141| WhatsApp (+57) 3005338115 
E-mail: biblioteca@unisbc.edu.co | Calle 76 87-14 Robledo Palenque, Medellín, Colombia

Con tecnología Koha